[Event "Stay Safe Play From Home 378"]
[Site "Emanuel Lasker Arena"]
[Date "2020.08.12"]
[Round "4"]
[White "MihailoVujic"]
[Black "Ionelluca"]
[Result "1-0"]
[WhiteElo "2144"]
[BlackElo "1952"]
[PlyCount "157"]
[EventDate "2020.08.12"]
[EventType "swiss (blitz)"]

1. e4 {[%emt 0:00:02]} d6 {[%emt 0:00:04]} 2. d4 {[%emt 0:00:01]} Nf6 {[%emt 0:00:01]} 3. Nc3 {[%emt 0:00:00]} c6 {[%emt 0:00:00]} 4. Nf3 {[%emt 0:00:02]} Nbd7 {[%emt 0:00:01]} 5. e5 {[%emt 0:00:03]} Nd5 {[%emt 0:00:01]} 6. Bc4 {[%emt 0:00:13]} e6 {[%emt 0:00:16]} 7. Qe2 {[%emt 0:00:07]} dxe5 {[%emt 0:00:10]} 8. dxe5 {[%emt 0:00:01]} b5 {[%emt 0:00:02]} 9. Bd3 {[%emt 0:00:03]} Nxc3 {[%emt 0:00:11]} 10. bxc3 {[%emt 0:00:01]} h6 {[%emt 0:00:01]} 11. Bf4 {[%emt 0:00:02]} Nb6 {[%emt 0:00:01]} 12. O-O {[%emt 0:00:02]} Nd5 {[%emt 0:00:01]} 13. Bd2 {[%emt 0:00:02]} a6 {[%emt 0:00:17]} 14. c4 {[%emt 0:00:01]} Nb6 {[%emt 0:00:01]} 15. cxb5 {[%emt 0:00:08]} axb5 {[%emt 0:00:01]} 16. Rfd1 {[%emt 0:00:03]} Qc7 {[%emt 0:00:02]} 17. Be3 {[%emt 0:00:03]} Be7 {[%emt 0:00:07]} 18. h4 {[%emt 0:00:52]} Bd7 {[%emt 0:00:08]} 19. h5 {[%emt 0:00:04]} Na4 {[%emt 0:00:05]} 20. Qd2 {[%emt 0:00:06]} c5 {[%emt 0:00:04]} 21. Be4 {[%emt 0:00:02]} Rd8 {[%emt 0:00:03]} 22. c3 {[%emt 0:00:14]} Nb6 {[%emt 0:00:06]} 23. Qc2 {[%emt 0:00:06]} Bc6 {[%emt 0:00:06]} 24. Bxc6+ {[%emt 0:00:04]} Qxc6 {[%emt 0:00:04]} 25. Rxd8+ {[%emt 0:00:01]} Bxd8 {[%emt 0:00:01]} 26. Rd1 {[%emt 0:00:03]} Be7 {[%emt 0:00:01]} 27. Nd2 {[%emt 0:00:05]} O-O {[%emt 0:00:09]} 28. Ne4 {[%emt 0:00:03]} Nd5 {[%emt 0:00:03]} 29. Qd2 {[%emt 0:00:06]} Nb6 {[%emt 0:00:16]} 30. Nd6 {[%emt 0:00:14]} Nd5 {[%emt 0:00:15]} 31. Bxh6 {[%emt 0:00:08]} Kh7 {[%emt 0:00:15]} 32. Bf4 {[%emt 0:00:15]} Nxf4 {[%emt 0:00:05]} 33. Qxf4 {[%emt 0:00:01]} f6 {[%emt 0:00:05]} 34. Qe4+ {[%emt 0:00:09]} Qxe4 {[%emt 0:00:03]} 35. Nxe4 {[%emt 0:00:00]} fxe5 {[%emt 0:00:01]} 36. Rd7 {[%emt 0:00:02]} Re8 {[%emt 0:00:09]} 37. f3 {[%emt 0:00:09]} Kh6 {[%emt 0:00:07]} 38. g4 {[%emt 0:00:02]} g6 {[%emt 0:00:01]} 39. hxg6 {[%emt 0:00:02]} Kxg6 {[%emt 0:00:02]} 40. Kf2 {[%emt 0:00:00]} b4 {[%emt 0:00:05]} 41. cxb4 {[%emt 0:00:05]} cxb4 {[%emt 0:00:01]} 42. Ra7 {[%emt 0:00:09]} Kf7 {[%emt 0:00:08]} 43. Nd6+ {[%emt 0:00:02]} Kf8 {[%emt 0:00:03]} 44. Nxe8 {[%emt 0:00:11]} Bc5+ {[%emt 0:00:01]} 45. Ke2 {[%emt 0:00:01]} Bxa7 {[%emt 0:00:01]} 46. Nc7 {[%emt 0:00:01]} Kf7 {[%emt 0:00:02]} 47. Na6 {[%emt 0:00:01]} Kf6 {[%emt 0:00:06]} 48. Kd3 {[%emt 0:00:08]} Ke7 {[%emt 0:00:16]} 49. Nxb4 {[%emt 0:00:03]} Kd6 {[%emt 0:00:01]} 50. Ke4 {[%emt 0:00:02]} Bg1 {[%emt 0:00:05]} 51. Nd3 {[%emt 0:00:02]} Bh2 {[%emt 0:00:01]} 52. g5 {[%emt 0:00:02]} Ke7 {[%emt 0:00:07]} 53. Nxe5 {[%emt 0:00:02]} Kf8 {[%emt 0:00:01]} 54. f4 {[%emt 0:00:01]} Kg7 {[%emt 0:00:02]} 55. a4 {[%emt 0:00:00]} Bg1 {[%emt 0:00:01]} 56. a5 {[%emt 0:00:01]} Bf2 {[%emt 0:00:01]} 57. a6 {[%emt 0:00:01]} Bg1 {[%emt 0:00:01]} 58. Nc6 {[%emt 0:00:01]} Bb6 {[%emt 0:00:02]} 59. a7 {[%emt 0:00:01]} Bxa7 {[%emt 0:00:02]} 60. Nxa7 {[%emt 0:00:01]} Kg6 {[%emt 0:00:01]} 61. Ke5 {[%emt 0:00:00]} Kf7 {[%emt 0:00:01]} 62. Nc6 {[%emt 0:00:03]} Kg6 {[%emt 0:00:01]} 63. Kxe6 {[%emt 0:00:01]} Kg7 {[%emt 0:00:01]} 64. f5 {[%emt 0:00:01]} Kg8 {[%emt 0:00:01]} 65. Kf6 {[%emt 0:00:02]} Kf8 {[%emt 0:00:01]} 66. g6 {[%emt 0:00:00]} Ke8 {[%emt 0:00:02]} 67. Ke6 {[%emt 0:00:01]} Kf8 {[%emt 0:00:01]} 68. f6 {[%emt 0:00:00]} Kg8 {[%emt 0:00:01]} 69. Ke7 {[%emt 0:00:02]} Kh8 {[%emt 0:00:01]} 70. Ne5 {[%emt 0:00:02]} Kg8 {[%emt 0:00:01]} 71. Ng4 {[%emt 0:00:04]} Kh8 {[%emt 0:00:01]} 72. Ke8 {[%emt 0:00:02]} Kg8 {[%emt 0:00:01]} 73. Nh6+ {[%emt 0:00:01]} Kh8 {[%emt 0:00:01]} 74. g7+ {[%emt 0:00:00]} Kh7 {[%emt 0:00:01]} 75. g8=Q+ {[%emt 0:00:00]} Kxh6 {[%emt 0:00:01]} 76. f7 {[%emt 0:00:00]} Kh5 {[%emt 0:00:01]} 77. f8=Q {[%emt 0:00:01]} Kh4 {[%emt 0:00:01]} 78. Qfg7 {[%emt 0:00:00]} Kh3 {[%emt 0:00:01]} 79. Q7h8# {[%emt 0:00:00] (Lag: Av=0.61s, max=1.2s) (Lag: Av=0.61s, max=1.2s) (Lag: Av=0.61s, max=1.2s)} 1-0

[Event "Stay Safe Play From Home 378"]
[Site "Emanuel Lasker Arena"]
[Date "2020.08.12"]
[Round "4"]
[White "Hickey"]
[Black "CabianoFaruana"]
[Result "1-0"]
[WhiteElo "2033"]
[BlackElo "1972"]
[PlyCount "73"]
[EventDate "2020.08.12"]
[EventType "swiss (blitz)"]

1. b3 {[%emt 0:00:03]} Nf6 {[%emt 0:00:05]} 2. Bb2 {[%emt 0:00:00]} d5 {[%emt 0:00:01]} 3. Nf3 {[%emt 0:00:04]} e6 {[%emt 0:00:01]} 4. d3 {[%emt 0:00:02]} Bd6 {[%emt 0:00:04]} 5. Nbd2 {[%emt 0:00:00]} Nbd7 {[%emt 0:00:01]} 6. e4 {[%emt 0:00:02]} dxe4 {[%emt 0:00:01]} 7. Nxe4 {[%emt 0:00:01]} Nxe4 {[%emt 0:00:11]} 8. dxe4 {[%emt 0:00:00]} e5 {[%emt 0:00:01]} 9. Bc4 {[%emt 0:00:06]} Qe7 {[%emt 0:00:05]} 10. O-O {[%emt 0:00:18]} Nb6 {[%emt 0:00:01]} 11. Bd3 {[%emt 0:00:04]} Bg4 {[%emt 0:00:03]} 12. Qe2 {[%emt 0:00:06]} O-O {[%emt 0:00:10]} 13. h3 {[%emt 0:00:05]} Bh5 {[%emt 0:00:02]} 14. a4 {[%emt 0:00:06]} a5 {[%emt 0:00:02]} 15. Rad1 {[%emt 0:00:05]} Rfd8 {[%emt 0:00:10]} 16. g4 {[%emt 0:00:14]} Bg6 {[%emt 0:00:02]} 17. Kg2 {[%emt 0:00:14]} h5 {[%emt 0:00:05]} 18. Nd2 {[%emt 0:00:09]} Qh4 {[%emt 0:00:03]} 19. Qf3 {[%emt 0:00:07]} Rf8 {[%emt 0:00:18]} 20. Qg3 {[%emt 0:00:11]} Qxg3+ {[%emt 0:00:06]} 21. Kxg3 {[%emt 0:00:00]} f5 {[%emt 0:00:38]} 22. gxf5 {[%emt 0:00:04]} Bxf5 {[%emt 0:00:01]} 23. exf5 {[%emt 0:00:00]} e4+ {[%emt 0:00:01]} 24. Kg2 {[%emt 0:00:16]} exd3 {[%emt 0:00:01]} 25. c4 {[%emt 0:00:07]} Rxf5 {[%emt 0:00:06]} 26. Ne4 {[%emt 0:00:02]} Be5 {[%emt 0:00:23]} 27. Bc1 {[%emt 0:00:14]} Rd8 {[%emt 0:00:08]} 28. Nc5 {[%emt 0:00:03]} Rdf8 {[%emt 0:00:54]} 29. Be3 {[%emt 0:00:18]} Bc3 {[%emt 0:00:13]} 30. Rxd3 {[%emt 0:00:05]} Bb4 {[%emt 0:00:02]} 31. Ne4 {[%emt 0:00:03]} Nc8 {[%emt 0:00:15]} 32. Rd7 {[%emt 0:00:08]} R5f7 {[%emt 0:00:06]} 33. Rfd1 {[%emt 0:00:04]} Nd6 {[%emt 0:00:03]} 34. Rxf7 {[%emt 0:00:04]} Rxf7 {[%emt 0:00:03]} 35. Ng5 {[%emt 0:00:10]} Re7 {[%emt 0:00:01]} 36. c5 {[%emt 0:00:04]} Ne4 {[%emt 0:00:02]} 37. Rd8+ {[%emt 0:00:01] CabianoFaruana resigns CabianoFaruana resigns CabianoFaruana resigns (Lag: Av=0.75s, max=1.0s) (Lag: Av=0.75s, max=1.0s) (Lag: Av=0.75s, max=1.0s)} 1-0

[Event "Stay Safe Play From Home 378"]
[Site "Emanuel Lasker Arena"]
[Date "2020.08.12"]
[Round "4"]
[White "Dukic"]
[Black "buzaglo"]
[Result "0-1"]
[WhiteElo "1760"]
[BlackElo "1749"]
[Annotator "NA"]
[PlyCount "110"]
[EventDate "2020.08.12"]
[EventType "swiss (blitz)"]

1. c4 {[%emt 0:00:04]} e6 {[%emt 0:00:01]} 2. Nc3 {[%emt 0:00:01]} d5 {[%emt 0:00:01]} 3. d4 {[%emt 0:00:01]} Nf6 {[%emt 0:00:01]} 4. Nf3 {[%emt 0:00:01]} c6 {[%emt 0:00:01]} 5. Bg5 {[%emt 0:00:02]} Be7 {[%emt 0:00:02]} 6. e3 {[%emt 0:00:01]} O-O {[%emt 0:00:02]} 7. Bd3 {[%emt 0:00:02]} dxc4 {[%emt 0:00:01]} 8. Bxc4 {[%emt 0:00:02]} h6 {[%emt 0:00:01]} 9. Bh4 {[%emt 0:00:01]} Nd5 {[%emt 0:00:04]} 10. Bg3 {[%emt 0:00:03]} Nxc3 {[%emt 0:00:03]} 11. bxc3 {[%emt 0:00:02]} Bd6 {[%emt 0:00:00]} 12. Ne5 {[%emt 0:00:05]} Be7 {[%emt 0:00:03]} 13. O-O {[%emt 0:00:02]} Nd7 {[%emt 0:00:02]} 14. Nd3 {[%emt 0:00:05]} Nf6 {[%emt 0:00:03]} 15. f3 {[%emt 0:00:09]} Bd6 {[%emt 0:00:01]} 16. Bf2 {[%emt 0:00:03]} b6 {[%emt 0:00:04]} 17. e4 {[%emt 0:00:02]} b5 {[%emt 0:00:05]} 18. Bb3 {[%emt 0:00:03]} Be7 {[%emt 0:00:01]} 19. a4 {[%emt 0:00:08]} a6 {[%emt 0:00:12]} 20. axb5 {[%emt 0:00:15]} cxb5 {[%emt 0:00:00]} 21. Qd2 {[%emt 0:00:22]} Bb7 {[%emt 0:00:05]} 22. c4 {[%emt 0:00:11]} Rc8 {[%emt 0:00:09]} 23. cxb5 {[%emt 0:00:05]} axb5 {[%emt 0:00:00]} 24. Rfc1 {[%emt 0:00:07]} Qd7 {[%emt 0:00:10]} 25. Ne5 {[%emt 0:00:16]} Qd6 {[%emt 0:00:17]} 26. Nd3 {[%emt 0:00:16]} Rfd8 {[%emt 0:00:13]} 27. e5 {[%emt 0:00:03]} Qb8 {[%emt 0:00:07]} 28. exf6 {[%emt 0:00:03]} Bxf6 {[%emt 0:00:00]} 29. Rxc8 {[%emt 0:00:14]} Qxc8 {[%emt 0:00:00]} 30. Qb2 {[%emt 0:00:05]} Qb8 {[%emt 0:00:16]} 31. Ne5 {[%emt 0:00:07]} b4 {[%emt 0:00:31]} 32. Bc4 {[%emt 0:00:04]} Bd5 {[%emt 0:00:03]} 33. Bxd5 {[%emt 0:00:03]} Rxd5 {[%emt 0:00:00]} 34. Rb1 {[%emt 0:00:02]} Rb5 {[%emt 0:00:03]} 35. Nc6 {[%emt 0:00:22]} Qd6 {[%emt 0:00:22]} 36. Nxb4 {[%emt 0:00:10]} Be7 {[%emt 0:00:20]} 37. Be1 {[%emt 0:00:07]} Bf6 {[%emt 0:00:04]} 38. Bc3 {[%emt 0:00:03]} Rh5 {[%emt 0:00:08]} 39. g3 {[%emt 0:00:07]} Rg5 {[%emt 0:00:12]} 40. Qf2 {[%emt 0:00:05]} h5 {[%emt 0:00:04]} 41. Nd3 {[%emt 0:00:04]} h4 {[%emt 0:00:01]} 42. g4 {[%emt 0:00:12]} Be7 {[%emt 0:00:02]} 43. Ne5 {[%emt 0:00:05]} f6 {[%emt 0:00:14]} 44. f4 {[%emt 0:00:08]} fxe5 {[%emt 0:00:08]} 45. fxg5 {[%emt 0:00:07]} Bxg5 {[%emt 0:00:06]} 46. dxe5 {[%emt 0:00:04]} Qd5 {[%emt 0:00:02]} 47. Rf1 {[%emt 0:00:07]} Kh7 {[%emt 0:00:01]} 48. Qf3 {[%emt 0:00:03]} Qc4 {[%emt 0:00:05]} 49. Re1 {[%emt 0:00:04]} Bf4 {[%emt 0:00:08]} 50. Qe4+ {[%emt 0:00:01]} Qxe4 {[%emt 0:00:06]} 51. Rxe4 {[%emt 0:00:01]} Bg5 {[%emt 0:00:01]} 52. Kg2 {[%emt 0:00:01]} Kg6 {[%emt 0:00:00]} 53. h3 {[%emt 0:00:01]} Be7 {[%emt 0:00:00]} 54. Bd2 {[%emt 0:00:01]} Ba3 {[%emt 0:00:02]} 55. Be3 {[%emt 0:00:01]} Bc1 {[%emt 0:00:00] Zeit Zeit Zeit (Lag: Av=0.57s, max=1.0s) (Lag: Av=0.57s, max=1.0s) (Lag: Av=0.57s, max=1.0s)} 0-1

[Event "Stay Safe Play From Home 378"]
[Site "Emanuel Lasker Arena"]
[Date "2020.08.12"]
[Round "4"]
[White "Erdema"]
[Black "Lazieri3"]
[Result "0-1"]
[WhiteElo "1682"]
[BlackElo "1937"]
[PlyCount "56"]
[EventDate "2020.08.12"]
[EventType "swiss (blitz)"]

1. e4 {[%emt 0:00:01]} c6 {[%emt 0:00:02]} 2. d4 {[%emt 0:00:02]} d5 {[%emt 0:00:00]} 3. exd5 {[%emt 0:00:01]} cxd5 {[%emt 0:00:00]} 4. Bd3 {[%emt 0:00:01]} Nc6 {[%emt 0:00:00]} 5. c3 {[%emt 0:00:02]} Nf6 {[%emt 0:00:00]} 6. h3 {[%emt 0:00:02]} g6 {[%emt 0:00:02]} 7. Nf3 {[%emt 0:00:00]} Bg7 {[%emt 0:00:01]} 8. O-O {[%emt 0:00:00]} O-O {[%emt 0:00:01]} 9. Bf4 {[%emt 0:00:02]} Re8 {[%emt 0:00:00]} 10. Re1 {[%emt 0:00:02]} Bf5 {[%emt 0:00:02]} 11. Bxf5 {[%emt 0:00:03]} gxf5 {[%emt 0:00:00]} 12. Nbd2 {[%emt 0:00:03]} Ne4 {[%emt 0:00:01]} 13. Ne5 {[%emt 0:00:06]} Nxe5 {[%emt 0:00:03]} 14. Bxe5 {[%emt 0:00:02]} Bxe5 {[%emt 0:00:01]} 15. dxe5 {[%emt 0:00:02]} Nxd2 {[%emt 0:00:01]} 16. Qxd2 {[%emt 0:00:02]} e6 {[%emt 0:00:01]} 17. Re3 {[%emt 0:00:04]} Kh8 {[%emt 0:00:04]} 18. Rg3 {[%emt 0:00:02]} Rg8 {[%emt 0:00:01]} 19. Qh6 {[%emt 0:00:10]} Rxg3 {[%emt 0:00:01]} 20. fxg3 {[%emt 0:00:01]} Qe7 {[%emt 0:00:01]} 21. Rd1 {[%emt 0:00:07]} Rg8 {[%emt 0:00:01]} 22. Kh2 {[%emt 0:00:03]} Rg6 {[%emt 0:00:18]} 23. Qe3 {[%emt 0:00:04]} b6 {[%emt 0:00:03]} 24. b3 {[%emt 0:00:04]} Qc5 {[%emt 0:00:23]} 25. Qd3 {[%emt 0:00:10]} Qf2 {[%emt 0:00:10]} 26. Rd2 {[%emt 0:00:03]} Rxg3 {[%emt 0:00:17]} 27. Qxg3 {[%emt 0:00:13]} Qxd2 {[%emt 0:00:04]} 28. Qg5 {[%emt 0:00:01]} Qxg5 {[%emt 0:00:01] Erdema terk eder Erdema terk eder Erdema terk eder (Lag: Av=0.68s, max=0.8s) (Lag: Av=0.68s, max=0.8s) (Lag: Av=0.68s, max=0.8s)} 0-1

[Event "Stay Safe Play From Home 378"]
[Site "Emanuel Lasker Arena"]
[Date "2020.08.12"]
[Round "4"]
[White "Klasman"]
[Black "DrKHF"]
[Result "1-0"]
[WhiteElo "1562"]
[BlackElo "1696"]
[Annotator "NA"]
[PlyCount "89"]
[EventDate "2020.08.12"]
[EventType "swiss (blitz)"]
[BlackTeam "SK Bad Homburg"]

{- Frühling, Dr. Karl-Heinz (1901)} 1. f4 {[%emt 0:00:04]} d5 {[%emt 0:00:02]} 2. Nf3 {[%emt 0:00:02]} c5 {[%emt 0:00:01]} 3. e3 {[%emt 0:00:01]} Nc6 {[%emt 0:00:01]} 4. c4 {[%emt 0:00:01]} d4 {[%emt 0:00:04]} 5. d3 {[%emt 0:00:01]} g6 {[%emt 0:00:03]} 6. e4 {[%emt 0:00:01]} Bg7 {[%emt 0:00:01]} 7. e5 {[%emt 0:00:01]} Bg4 {[%emt 0:00:04]} 8. Be2 {[%emt 0:00:03]} e6 {[%emt 0:00:01]} 9. Nxd4 {[%emt 0:00:05]} Bxe2 {[%emt 0:00:09]} 10. Nxe2 {[%emt 0:00:01]} Nge7 {[%emt 0:00:06]} 11. Be3 {[%emt 0:00:05]} b6 {[%emt 0:00:04]} 12. Nbc3 {[%emt 0:00:05]} O-O {[%emt 0:00:06]} 13. Ne4 {[%emt 0:00:01]} Nf5 {[%emt 0:00:03]} 14. Bf2 {[%emt 0:00:04]} Nfd4 {[%emt 0:00:05]} 15. Nxd4 {[%emt 0:00:05]} Nxd4 {[%emt 0:00:02]} 16. O-O {[%emt 0:00:05]} a6 {[%emt 0:00:05]} 17. Nd6 {[%emt 0:00:01]} f6 {[%emt 0:00:07]} 18. Bxd4 {[%emt 0:00:06]} cxd4 {[%emt 0:00:01]} 19. Qe2 {[%emt 0:00:04]} Qd7 {[%emt 0:00:14]} 20. Rf3 {[%emt 0:00:13]} fxe5 {[%emt 0:00:04]} 21. fxe5 {[%emt 0:00:02]} Rxf3 {[%emt 0:00:01]} 22. gxf3 {[%emt 0:00:04]} Rf8 {[%emt 0:00:02]} 23. Rf1 {[%emt 0:00:01]} Bh6 {[%emt 0:00:07]} 24. Qe4 {[%emt 0:00:23]} Be3+ {[%emt 0:00:02]} 25. Kg2 {[%emt 0:00:01]} Qe7 {[%emt 0:00:01]} 26. Qg4 {[%emt 0:00:15]} Rf4 {[%emt 0:00:04]} 27. Qh3 {[%emt 0:00:16]} Qg5+ {[%emt 0:00:05]} 28. Qg3 {[%emt 0:00:07]} Qxe5 {[%emt 0:00:01]} 29. Nc8 {[%emt 0:00:15]} Qc7 {[%emt 0:00:12]} 30. Re1 {[%emt 0:00:22]} Qxc8 {[%emt 0:00:02]} 31. Rxe3 {[%emt 0:00:01]} Qf8 {[%emt 0:00:21]} 32. Rxe6 {[%emt 0:00:06]} Rf6 {[%emt 0:00:11]} 33. Re4 {[%emt 0:00:05]} a5 {[%emt 0:00:14]} 34. Rxd4 {[%emt 0:00:06]} Qe7 {[%emt 0:00:04]} 35. Re4 {[%emt 0:00:04]} Qd7 {[%emt 0:00:02]} 36. f4 {[%emt 0:00:03]} Rd6 {[%emt 0:00:03]} 37. Re3 {[%emt 0:00:08]} Rd4 {[%emt 0:00:02]} 38. Qf3 {[%emt 0:00:13]} b5 {[%emt 0:00:02]} 39. cxb5 {[%emt 0:00:08]} Qxb5 {[%emt 0:00:01]} 40. Qa8+ {[%emt 0:00:07]} Kg7 {[%emt 0:00:01]} 41. Qa7+ {[%emt 0:00:02]} Rd7 {[%emt 0:00:04]} 42. Re7+ {[%emt 0:00:05]} Rxe7 {[%emt 0:00:02]} 43. Qxe7+ {[%emt 0:00:01]} Kh6 {[%emt 0:00:01]} 44. Qg5+ {[%emt 0:00:03]} Kg7 {[%emt 0:00:02]} 45. Qxb5 {[%emt 0:00:02] DrKHF gibt auf DrKHF gibt auf DrKHF gibt auf (Lag: Av=0.39s, max=0.6s) (Lag: Av=0.39s, max=0.6s) (Lag: Av=0.39s, max=0.6s)} 1-0

[Event "Stay Safe Play From Home 378"]
[Site "Emanuel Lasker Arena"]
[Date "2020.08.12"]
[Round "4"]
[White "W Nelles"]
[Black "Greblah"]
[Result "0-1"]
[WhiteElo "1440"]
[BlackElo "1908"]
[PlyCount "82"]
[EventDate "2020.08.12"]
[EventType "swiss (blitz)"]

1. e4 {[%emt 0:00:05]} c6 {[%emt 0:00:00]} 2. d4 {[%emt 0:00:03]} d5 {[%emt 0:00:00]} 3. e5 {[%emt 0:00:01]} Bf5 {[%emt 0:00:02]} 4. Bd2 {[%emt 0:00:01]} e6 {[%emt 0:00:02]} 5. g4 {[%emt 0:00:02]} Bg6 {[%emt 0:00:02]} 6. h4 {[%emt 0:00:01]} h6 {[%emt 0:00:01]} 7. h5 {[%emt 0:00:02]} Bh7 {[%emt 0:00:01]} 8. Nf3 {[%emt 0:00:01]} Ne7 {[%emt 0:00:02]} 9. Bh3 {[%emt 0:00:04]} c5 {[%emt 0:00:02]} 10. c3 {[%emt 0:00:02]} Nec6 {[%emt 0:00:02]} 11. Be3 {[%emt 0:00:06]} Nd7 {[%emt 0:00:03]} 12. Nbd2 {[%emt 0:00:07]} Qb6 {[%emt 0:00:01]} 13. Nb3 {[%emt 0:00:02]} c4 {[%emt 0:00:01]} 14. Nc5 {[%emt 0:00:05]} Nxc5 {[%emt 0:00:04]} 15. dxc5 {[%emt 0:00:01]} Qxb2 {[%emt 0:00:11]} 16. Rb1 {[%emt 0:00:05]} Bxb1 {[%emt 0:00:07]} 17. g5 {[%emt 0:00:05]} Qxc3+ {[%emt 0:00:09]} 18. Kf1 {[%emt 0:00:03]} Bd3+ {[%emt 0:00:09]} 19. Kg2 {[%emt 0:00:02]} d4 {[%emt 0:00:09]} 20. Bd2 {[%emt 0:00:10]} Qc2 {[%emt 0:00:05]} 21. Qc1 {[%emt 0:00:08]} Qxc1 {[%emt 0:00:04]} 22. Bxc1 {[%emt 0:00:02]} Bxc5 {[%emt 0:00:04]} 23. Rd1 {[%emt 0:00:07]} Be4 {[%emt 0:00:06]} 24. g6 {[%emt 0:00:02]} Nxe5 {[%emt 0:00:06]} 25. gxf7+ {[%emt 0:00:03]} Kxf7 {[%emt 0:00:04]} 26. Kf1 {[%emt 0:00:10]} Bxf3 {[%emt 0:00:09]} 27. Rd2 {[%emt 0:00:04]} Bxh5 {[%emt 0:00:12]} 28. Rb2 {[%emt 0:00:03]} b6 {[%emt 0:00:04]} 29. a4 {[%emt 0:00:02]} Bg4 {[%emt 0:00:02]} 30. Bg2 {[%emt 0:00:03]} Rad8 {[%emt 0:00:05]} 31. a5 {[%emt 0:00:03]} d3 {[%emt 0:00:03]} 32. axb6 {[%emt 0:00:04]} axb6 {[%emt 0:00:01]} 33. Bd2 {[%emt 0:00:06]} Nf3 {[%emt 0:00:08]} 34. Bxf3 {[%emt 0:00:02]} Bxf3 {[%emt 0:00:02]} 35. Ra2 {[%emt 0:00:03]} Rd7 {[%emt 0:00:06]} 36. Ra6 {[%emt 0:00:04]} Ra8 {[%emt 0:00:02]} 37. Rxa8 {[%emt 0:00:02]} Bxa8 {[%emt 0:00:01]} 38. Be3 {[%emt 0:00:06]} Bxe3 {[%emt 0:00:02]} 39. fxe3 {[%emt 0:00:01]} d2 {[%emt 0:00:02]} 40. Ke2 {[%emt 0:00:01]} d1=Q+ {[%emt 0:00:01]} 41. Kf2 {[%emt 0:00:03]} Qf3+ {[%emt 0:00:01] W Nelles gibt auf W Nelles gibt auf W Nelles gibt auf (Lag: Av=0.46s, max=1.1s) (Lag: Av=0.46s, max=1.1s) (Lag: Av=0.46s, max=1.1s)} 0-1

[Event "Stay Safe Play From Home 378"]
[Site "Emanuel Lasker Arena"]
[Date "2020.08.12"]
[Round "4"]
[White "Saanvi 14"]
[Black "Haris kollari 13"]
[Result "1-0"]
[WhiteElo "1399"]
[BlackElo "1916"]
[Annotator "NA"]
[PlyCount "91"]
[EventDate "2020.08.12"]
[EventType "swiss (blitz)"]

1. e4 {[%emt 0:00:02]} e6 {[%emt 0:00:01]} 2. d3 {[%emt 0:00:03]} d5 {[%emt 0:00:01]} 3. Nd2 {[%emt 0:00:03]} c5 {[%emt 0:00:01]} 4. Ngf3 {[%emt 0:00:06]} Nc6 {[%emt 0:00:01]} 5. g3 {[%emt 0:00:04]} d4 {[%emt 0:00:01]} 6. Bg2 {[%emt 0:00:10]} f6 {[%emt 0:00:01]} 7. e5 {[%emt 0:00:14]} fxe5 {[%emt 0:00:03]} 8. O-O {[%emt 0:00:08]} Nf6 {[%emt 0:00:04]} 9. Re1 {[%emt 0:00:23]} Bd6 {[%emt 0:00:01]} 10. Nc4 {[%emt 0:00:09]} Qc7 {[%emt 0:00:01]} 11. Nxd6+ {[%emt 0:00:09]} Qxd6 {[%emt 0:00:02]} 12. Nxe5 {[%emt 0:00:07]} Nxe5 {[%emt 0:00:02]} 13. Bf4 {[%emt 0:00:05]} Nfd7 {[%emt 0:00:02]} 14. Qh5+ {[%emt 0:00:13]} g6 {[%emt 0:00:01]} 15. Bxe5 {[%emt 0:00:04]} Nxe5 {[%emt 0:00:07]} 16. Qxe5 {[%emt 0:00:04]} Qxe5 {[%emt 0:00:01]} 17. Rxe5 {[%emt 0:00:03]} O-O {[%emt 0:00:09]} 18. Rxc5 {[%emt 0:00:05]} Rb8 {[%emt 0:00:01]} 19. Re1 {[%emt 0:00:07]} Rf7 {[%emt 0:00:19]} 20. Rc4 {[%emt 0:00:08]} Bd7 {[%emt 0:00:14]} 21. Rxd4 {[%emt 0:00:06]} Rbf8 {[%emt 0:00:01]} 22. f4 {[%emt 0:00:08]} Kg7 {[%emt 0:00:03]} 23. c4 {[%emt 0:00:05]} b6 {[%emt 0:00:03]} 24. Rd6 {[%emt 0:00:09]} h6 {[%emt 0:00:05]} 25. b4 {[%emt 0:00:06]} g5 {[%emt 0:00:02]} 26. f5 {[%emt 0:00:09]} exf5 {[%emt 0:00:08]} 27. Bd5 {[%emt 0:00:09]} Ba4 {[%emt 0:00:16]} 28. Bxf7 {[%emt 0:00:05]} Rxf7 {[%emt 0:00:00]} 29. c5 {[%emt 0:00:07]} bxc5 {[%emt 0:00:03]} 30. bxc5 {[%emt 0:00:01]} Rc7 {[%emt 0:00:00]} 31. d4 {[%emt 0:00:04]} Bc2 {[%emt 0:00:02]} 32. c6 {[%emt 0:00:08]} Be4 {[%emt 0:00:05]} 33. Rd7+ {[%emt 0:00:02]} Kf6 {[%emt 0:00:07]} 34. Rxc7 {[%emt 0:00:01]} Ke6 {[%emt 0:00:02]} 35. Rxe4+ {[%emt 0:00:04]} fxe4 {[%emt 0:00:01]} 36. Rxa7 {[%emt 0:00:03]} Kd6 {[%emt 0:00:01]} 37. d5 {[%emt 0:00:03]} e3 {[%emt 0:00:02]} 38. Kf1 {[%emt 0:00:02]} g4 {[%emt 0:00:03]} 39. Ke2 {[%emt 0:00:02]} Kxd5 {[%emt 0:00:00]} 40. c7 {[%emt 0:00:03]} h5 {[%emt 0:00:03]} 41. c8=Q {[%emt 0:00:02]} h4 {[%emt 0:00:00]} 42. Ra4 {[%emt 0:00:02]} hxg3 {[%emt 0:00:02]} 43. Qf5+ {[%emt 0:00:01]} Kc6 {[%emt 0:00:02]} 44. Rc4+ {[%emt 0:00:01]} Kb7 {[%emt 0:00:02]} 45. Qb5+ {[%emt 0:00:01]} Ka7 {[%emt 0:00:01]} 46. Ra4# {[%emt 0:00:00] (Lag: Av=0.77s, max=4.4s) (Lag: Av=0.77s, max=4.4s) (Lag: Av=0.77s, max=4.4s) Haris kollari 13 resigns Haris kollari 13 resigns Haris kollari 13 resigns} 1-0